00355pab a2200133 454500008004000000100001900040245007000059260000900129300001300138362000800151650002000159650001800179773002400197180718b2009 xxu||||| |||| 00| 0 eng d aNangia, Sudesh aHuman dimensions of globalisation as perceived in social sciences c2009 ap.47-56. aSep aSocial sciences aGlobalization aMan and Development